|
|
|
|
| LEADER |
01977nam a2200505 i 4500 |
| 001 |
nkc20172866333 |
| 003 |
CZ PrNK |
| 005 |
20171025115253.0 |
| 007 |
ta |
| 008 |
170116s2016 xr a e c 000 0dcze |
| 020 |
|
|
|a 978-80-270-1116-2
|q (v knize neuvedeno ;
|q brožováno)
|
| 040 |
|
|
|a ABA001
|b cze
|e rda
|
| 043 |
|
|
|a e-xr---
|
| 045 |
|
|
|a y1y1
|
| 072 |
|
7 |
|a 75
|x Malířství
|2 Konspekt
|9 21
|
| 080 |
|
|
|a 75(437.3)
|2 MRF
|
| 080 |
|
|
|a 75.036/.038
|2 MRF
|
| 080 |
|
|
|a (437.3)
|2 MRF
|
| 080 |
|
|
|a (083.824)
|2 MRF
|
| 100 |
1 |
|
|a Krausová, Denisa,
|d 1981-
|7 jo2005314347
|4 art
|
| 245 |
1 |
0 |
|a Denisa Krausová :
|b citróny a jiné květiny : 12.10.-20.11.2016, Výstavní síň Chrudim v divadle Karla Pippicha /
|c text: Kateřina Tučková
|
| 246 |
3 |
|
|a Citróny a jiné květiny - Denisa Krausová
|
| 264 |
|
1 |
|a [Chrudim] :
|b Chrudimská beseda,
|c 2016
|
| 300 |
|
|
|a 41 nečíslovaných stran :
|b barevné ilustrace ;
|c 15 x 21 cm
|
| 336 |
|
|
|a text
|b txt
|2 rdacontent
|
| 336 |
|
|
|a statický obraz
|b sti
|2 rdacontent
|
| 337 |
|
|
|a bez média
|b n
|2 rdamedia
|
| 338 |
|
|
|a svazek
|b nc
|2 rdacarrier
|
| 500 |
|
|
|a Životopisná data a přehled výstav
|
| 600 |
1 |
7 |
|a Krausová, Denisa,
|d 1981-
|7 jo2005314347
|2 czenas
|
| 648 |
|
4 |
|a 2011-2016
|
| 648 |
|
7 |
|a 21. století
|7 ch460559
|2 czenas
|
| 650 |
0 |
7 |
|a české malířství
|7 ph116864
|y 21. století
|2 czenas
|
| 650 |
0 |
7 |
|a moderní malířství
|7 ph122940
|z Česko
|2 czenas
|
| 650 |
0 |
9 |
|a Czech painting
|y 21st century
|2 eczenas
|
| 650 |
0 |
9 |
|a modern painting
|z Czechia
|2 eczenas
|
| 655 |
|
7 |
|a katalogy výstav
|7 fd132536
|2 czenas
|
| 655 |
|
9 |
|a exhibition catalogs
|2 eczenas
|
| 700 |
1 |
|
|a Tučková, Kateřina,
|d 1980-
|7 mzk2006348534
|4 aut
|
| 710 |
2 |
|
|a Výstavní síň (Chrudim, Česko)
|7 pag2010575177
|4 orm
|
| 710 |
2 |
|
|a Divadlo Karla Pippicha
|7 ko2010575307
|4 orm
|
| 910 |
2 |
|
|a BOA001
|b 2-1397.070
|
| 990 |
|
|
|a BK
|
| 995 |
|
|
|a 11
|
| 996 |
6 |
|
|b 2610722419
|c 2-1397.070
|l MZK
|r Sklad / do 1 hodiny
|n 0
|p p.v.
|w 001636225
|u 000010
|a 1
|e BOA001
|j MZK50
|s P
|